Software Testing/ (Record no. 165359)

MARC details
000 -LEADER
fixed length control field 00587nam a22002057a 4500
005 - DATE AND TIME OF LATEST TRANSACTION
control field 20190614125218.0
010 ## - LCCN (DPL NO)
LC control number ENG-125604
020 ## - INTERNATIONAL STANDARD BOOK NUMBER
International Standard Book Number 9789388398954
Terms of availability 300.00
035 ## - SYSTEM CONTROL NUMBER
System control number EN-109136
037 ## - SOURCE OF ACQUISITION
Source of stock number/acquisition DBAD/PUB
082 ## - DEWEY DECIMAL CLASSIFICATION NUMBER
Classification number 005.14
100 ## - MAIN ENTRY--PERSONAL NAME
Personal name R. Kavitha
245 ## - TITLE STATEMENT
Title Software Testing/
Statement of responsibility, etc by R. Kavitha [and] D. Kaleeswaran
260 ## - PUBLICATION, DISTRIBUTION, ETC. (IMPRINT)
Place of publication, distribution, etc Delhi
Name of publisher, distributor, etc Shanlax Publications
270 ## - ADDRESS
Address 61,66 T.P.K Main Road
City Vasantha Nagar, Madurai
Postal code 625003
300 ## - PHYSICAL DESCRIPTION
Extent 204p.
Dimensions 22cm(pbk)
700 ## - ADDED ENTRY--PERSONAL NAME
Personal name R.Kavitha
700 ## - ADDED ENTRY--PERSONAL NAME
Personal name D. Kaleeswaran
942 ## - ADDED ENTRY ELEMENTS (KOHA)
Source of classification or shelving scheme Dewey Decimal Classification
Item type English Books
Classification part 005.14
Call number suffix KAV
Holdings
Withdrawn status Lost status Not for loan Collection code Home library Current library Date acquired Source of acquisition Cost, normal purchase price Full call number Barcode Copy number Cost, replacement price Koha item type
      Non-fiction Bawana Bawana 14/06/2019 DBAD/PUB 300.00 005.14 KAV EN-109136 1 300.00 English Books

© Delhi Public Library
Hit Counter
free hit counter